[Event "DEM U18w 2009"]
[Site "Willingen GER"]
[Date "2009.05.31"]
[Round "2"]
[White "Hannes, Diana"]
[Black "Lorenz, Nicole"]
[Result "1-0"]
[Termination "normal"]
[Board "2"]
[WhiteElo "2061"]
[BlackElo "1842"]
[PlyCount "57"]
[WhiteFideId "24611344"]
[BlackFideId "24623709"]
[EventCountry "GER"]
[EventRounds "9"]
[EventType "swiss"]
[EventDate "2009.05.30"]

1. e4 c5 2. Nf3 Nc6 3. d3 d6 4. g3 g6 5. Bg2 Bg7 6. O-O e6 7. c3 Nge7 8. Bg5
O-O 9. Re1 Qc7 10. a4 b6 11. Na3 Bb7 12. d4 cxd4 13. Nb5 Qd7 14. Nfxd4 Nxd4 15.
Nxd4 h6 16. Bc1 Rfd8 17. a5 e5 18. Nc2 bxa5 19. Rxa5 Qc7 20. Ra1 d5 21. exd5
Bxd5 22. Bxd5 Nxd5 23. Qe2 Rac8 24. Be3 Nb6 25. Na3 Ra8 26. Red1 Rxd1+ 27. Rxd1
Rd8 28. Nb5 Rxd1+ 29. Qxd1 1-0

[Event "DEM U18w 2009"]
[Site "Willingen GER"]
[Date "2009.05.31"]
[Round "2"]
[White "van Orsouw, Svenja"]
[Black "Mertens, Pauline"]
[Result "1/2-1/2"]
[Termination "normal"]
[Board "3"]
[WhiteElo "1697"]
[BlackElo "1922"]
[PlyCount "51"]
[WhiteFideId "24677124"]
[BlackFideId "24671959"]
[EventCountry "GER"]
[EventRounds "9"]
[EventType "swiss"]
[EventDate "2009.05.30"]

1. e4 c5 2. Nf3 d6 3. d4 cxd4 4. Nxd4 Nf6 5. Nc3 a6 6. Be2 e6 7. Be3 Nbd7 8. g4
Nc5 9. f3 b5 10. g5 Nfd7 11. a3 Nb6 12. Nb3 Qc7 13. Qd2 Be7 14. f4 Bb7 15. Nxc5
dxc5 16. O-O h6 17. Rf2 Rd8 18. Qe1 hxg5 19. fxg5 Bd6 20. h4 Bg3 21. h5 Qe5 22.
Qf1 Bxf2+ 23. Qxf2 Rd7 24. Bf4 Qd4 25. Be3 Qe5 26. Bf4 1/2-1/2

[Event "DEM U18w 2009"]
[Site "Willingen GER"]
[Date "2009.05.31"]
[Round "2"]
[White "Frey, Alisa"]
[Black "Breitwieser, Jasmin"]
[Result "1/2-1/2"]
[Termination "normal"]
[Board "4"]
[WhiteElo "1984"]
[BlackElo "1874"]
[PlyCount "109"]
[WhiteFideId "24634662"]
[BlackFideId "24601705"]
[EventCountry "GER"]
[EventRounds "9"]
[EventType "swiss"]
[EventDate "2009.05.30"]

1. e4 c5 2. Nf3 e6 3. d4 cxd4 4. Nxd4 Nf6 5. Nc3 d6 6. Be3 Be7 7. f3 O-O 8. Qd2
Nc6 9. g4 d5 10. g5 Nh5 11. f4 e5 12. Nxc6 bxc6 13. fxe5 d4 14. Qxd4 Qxd4 15.
Bxd4 Bxg5 16. h4 Bh6 17. Ne2 Bg4 18. Rg1 Bf3 19. Bg2 Bxg2 20. Rxg2 f5 21. exf6
Nxf6 22. Ng3 Rae8 23. Bxf6 Rxf6 24. Rf2 Bf4 25. Nf1 Rxe4+ 26. Re2 Rfe6 27. Rxe4
Rxe4+ 28. Kf2 Be5 29. Nd2 Bxb2 30. Nxe4 Bxa1 31. Nd6 Bd4+ 32. Kf3 Bc5 33. Nc4
Be7 34. Kg4 Bd8 35. a4 Bc7 36. Kf5 g6+ 37. Kg5 Kg7 38. Nd2 h6+ 39. Kg4 Kf6 40.
Nc4 Ke6 41. Ne3 Ke5 42. Nd1 Ke4 43. Nc3+ Kd4 44. Na2 Kc4 45. Kf3 Kc5 46. Kg4
Kb6 47. h5 gxh5+ 48. Kxh5 Bf4 49. Nb4 Bd2 50. Nd3 Bg5 51. Ne5 a6 52. Kg4 Ka5
53. Nxc6+ Kxa4 54. Nb8 a5 55. Nc6 1/2-1/2

[Event "DEM U18w 2009"]
[Site "Willingen GER"]
[Date "2009.05.31"]
[Round "2"]
[White "Zimmer, Ketsarin"]
[Black "Penne, Bo"]
[Result "1/2-1/2"]
[Termination "normal"]
[Board "5"]
[WhiteElo "1710"]
[BlackElo "1951"]
[PlyCount "43"]
[WhiteFideId "4696182"]
[BlackFideId "24642193"]
[EventCountry "GER"]
[EventRounds "9"]
[EventType "swiss"]
[EventDate "2009.05.30"]

1. e4 e6 2. d4 d5 3. Nc3 Bb4 4. e5 c5 5. Bd2 Bxc3 6. bxc3 Ne7 7. f4 c4 8. Qg4
Nf5 9. Nh3 Bd7 10. Nf2 Ba4 11. Qd1 Na6 12. g4 Nh4 13. Bh3 f6 14. O-O Qe7 15.
Nh1 fxe5 16. fxe5 O-O-O 17. Ng3 Rdf8 18. Bf4 Ng6 19. Be3 Rxf1+ 20. Bxf1 Rf8 21.
Nh5 Nc7 22. Be2 1/2-1/2

[Event "DEM U18w 2009"]
[Site "Willingen GER"]
[Date "2009.05.31"]
[Round "2"]
[White "Remy, Janina"]
[Black "Herbold, Nora Marina"]
[Result "1/2-1/2"]
[Termination "normal"]
[Board "6"]
[WhiteElo "1991"]
[BlackElo "1608"]
[PlyCount "64"]
[WhiteFideId "24627348"]
[BlackFideId "4624548"]
[EventCountry "GER"]
[EventRounds "9"]
[EventType "swiss"]
[EventDate "2009.05.30"]

1. e4 c5 2. c3 d5 3. exd5 Qxd5 4. d4 cxd4 5. cxd4 Nc6 6. Nf3 Bg4 7. Be2 e6 8.
Nc3 Qd8 9. O-O Nge7 10. Be3 Nd5 11. a3 Be7 12. Nxd5 Qxd5 13. Rc1 Rc8 14. b4 O-O
15. Qd2 Bf6 16. Rc5 Qb3 17. Rc3 Qd5 18. Rfc1 Ne7 19. h3 Bxf3 20. Bxf3 Qd7 21.
Be4 Rxc3 22. Rxc3 Rd8 23. Qc2 Nd5 24. Rc5 Be7 25. Rc4 g6 26. Bxd5 Qxd5 27. Rc7
Bf6 28. Rc5 Qd7 29. Rc7 Qd5 30. Qe2 Rd7 31. Rxd7 Qxd7 32. Qc4 Kg7 1/2-1/2

[Event "DEM U18w 2009"]
[Site "Willingen GER"]
[Date "2009.05.31"]
[Round "2"]
[White "Voss, Janine"]
[Black "Hingst, Silke"]
[Result "0-1"]
[Termination "normal"]
[Board "8"]
[WhiteElo "1838"]
[BlackElo "1833"]
[PlyCount "74"]
[WhiteFideId "24677329"]
[BlackFideId "4624564"]
[EventCountry "GER"]
[EventRounds "9"]
[EventType "swiss"]
[EventDate "2009.05.30"]

1. e4 c5 2. Nf3 d6 3. d4 cxd4 4. Nxd4 Nf6 5. Nc3 a6 6. Be2 e5 7. Nb3 b5 8. Bg5
Be7 9. Nd5 Nxd5 10. Qxd5 Ra7 11. Be3 Be6 12. Qd2 Rd7 13. O-O O-O 14. a4 bxa4
15. Rxa4 Qc8 16. Na5 d5 17. exd5 Bxd5 18. Qc1 f5 19. Nc4 Qc6 20. b3 Qg6 21. f3
Rc7 22. Qb2 Bf6 23. Nxe5 Qe8 24. Bd4 Re7 25. f4 Nc6 26. Bf3 Bxf3 27. Nxf3 Re2
28. Bxf6 Qe3+ 29. Kh1 Rxf6 30. Rxa6 h6 31. Ra8+ Kh7 32. Qc1 Qc3 33. Ne1 Rfe6
34. Ra1 Nd4 35. h3 Rd2 36. Qb1 Ree2 37. Rg1 Qxh3+ 0-1

[Event "DEM U18w 2009"]
[Site "Willingen GER"]
[Date "2009.05.31"]
[Round "2"]
[White "Wisheckel, Lena"]
[Black "Voss, Chantal"]
[Result "1/2-1/2"]
[Termination "normal"]
[Board "9"]
[WhiteElo "1672"]
[BlackElo "1878"]
[PlyCount "90"]
[WhiteFideId "24691992"]
[BlackFideId "4664906"]
[EventCountry "GER"]
[EventRounds "9"]
[EventType "swiss"]
[EventDate "2009.05.30"]

1. e4 e6 2. d4 d5 3. Nd2 Nf6 4. e5 Nfd7 5. Bd3 c5 6. c3 Nc6 7. Ne2 cxd4 8. cxd4
Be7 9. f4 O-O 10. O-O b6 11. Qc2 Nb4 12. Bxh7+ Kh8 13. Qb1 Ba6 14. Rf2 f5 15.
exf6 Nxf6 16. a3 Nxh7 17. axb4 Bb5 18. Nc3 Be8 19. b5 Bd6 20. g3 Nf6 21. Nf3
Ng4 22. Re2 Qf6 23. Qd3 Bg6 24. Qd1 Qf5 25. Nh4 Qf6 26. Nxg6+ Qxg6 27. Qc2 Qf6
28. Qd1 Rf7 29. h3 Nh6 30. Be3 Qg6 31. Kh2 Nf5 32. Qg1 Raf8 33. Rf1 Bb8 34. Na2
Qh7 35. Rf3 Rf6 36. Nb4 Nh6 37. Kg2 g5 38. Nc6 Bxf4 39. Qf1 Qg7 40. g4 Bxe3 41.
Rexe3 Ng8 42. Rxf6 Rxf6 43. Qa1 Qf7 44. Qe1 Qd7 45. Re5 a6 1/2-1/2

[Event "DEM U18w 2009"]
[Site "Willingen GER"]
[Date "2009.05.31"]
[Round "2"]
[White "Kohm, Vanessa"]
[Black "Sancar, Alina"]
[Result "1/2-1/2"]
[Termination "normal"]
[Board "10"]
[WhiteElo "1779"]
[BlackElo "1759"]
[PlyCount "68"]
[WhiteFideId "4674472"]
[BlackFideId "4624750"]
[EventCountry "GER"]
[EventRounds "9"]
[EventType "swiss"]
[EventDate "2009.05.30"]

1. d4 f5 2. c4 d6 3. g3 Nf6 4. Bg2 g6 5. Nf3 Bg7 6. Nc3 O-O 7. O-O Nc6 8. Rb1
e5 9. d5 Nb8 10. Bg5 Nbd7 11. Qc1 a6 12. b4 Rb8 13. a4 b6 14. e4 fxe4 15. Nxe4
Qe8 16. Nfd2 Nxe4 17. Nxe4 Nf6 18. Ra1 Bf5 19. Re1 Nxe4 20. Bxe4 Qf7 21. Ra2
Bxe4 22. Rxe4 b5 23. Qd2 Qf5 24. Re1 bxc4 25. Rc1 c3 26. Rxc3 Rxb4 27. Rxc7 Rd4
28. Qc1 Qf3 29. Rd2 Qxd5 30. Rxd4 Qxd4 31. Rxg7+ Kxg7 32. Bh6+ Kg8 33. Bxf8
Kxf8 34. Qc8+ Kg7 1/2-1/2

[Event "DEM U18w 2009"]
[Site "Willingen GER"]
[Date "2009.05.31"]
[Round "2"]
[White "Häcker, Katrin"]
[Black "Silz, Elisa"]
[Result "1-0"]
[Termination "normal"]
[Board "11"]
[WhiteElo "1604"]
[BlackElo "1946"]
[PlyCount "65"]
[WhiteFideId "24667986"]
[BlackFideId "4615352"]
[EventCountry "GER"]
[EventRounds "9"]
[EventType "swiss"]
[EventDate "2009.05.30"]

1. e4 g6 2. d4 Bg7 3. Nf3 c6 4. Nc3 d6 5. Bc4 Nf6 6. Bb3 O-O 7. h3 Nbd7 8. O-O
e5 9. dxe5 dxe5 10. Be3 Qc7 11. Qe2 b6 12. Qc4 h6 13. Rad1 Ne8 14. Nh4 Kh7 15.
f4 a5 16. f5 g5 17. Qe2 Ndf6 18. Nf3 g4 19. hxg4 Rh8 20. g5 Ng4 21. Bxf7 Bf6
22. Bg6+ Kg7 23. gxf6+ Nexf6 24. Qd2 b5 25. Nh2 b4 26. Nxg4 Nxg4 27. Ne2 Nf6
28. Ng3 h5 29. Bg5 h4 30. Bxf6+ Kxf6 31. Nh5+ Rxh5 32. Bxh5 Qb6+ 33. Kh1 1-0

[Event "DEM U18w 2009"]
[Site "Willingen GER"]
[Date "2009.05.31"]
[Round "2"]
[White "Adermann, Mara"]
[Black "Knof, Henrike"]
[Result "1-0"]
[Termination "normal"]
[Board "12"]
[WhiteElo "1704"]
[BlackElo "1486"]
[PlyCount "60"]
[EventCountry "GER"]
[EventRounds "9"]
[EventType "swiss"]
[EventDate "2009.05.30"]

1. e4 e5 2. Nf3 Nc6 3. d4 exd4 4. Nxd4 Bc5 5. c3 Nge7 6. Be3 Bb6 7. Be2 d6 8.
Nd2 Bd7 9. Nc4 Ng6 10. Qd2 Nce7 11. Nxb6 axb6 12. f4 f5 13. Bd3 Qc8 14. Nf3
fxe4 15. Bxe4 Bf5 16. Bxf5 Qxf5 17. Nd4 Qe4 18. O-O O-O 19. g3 Nf5 20. Nxf5
Qxf5 21. a3 Rae8 22. Rae1 h5 23. Qg2 Re6 24. Qxb7 Rf7 25. Qg2 Nh4 26. Qf2 Qe4
27. Bd2 Qd5 28. Rxe6 Qxe6 29. gxh4 Rf6 30. Qf3 Qe7 1-0

[Event "DEM U18w 2009"]
[Site "Willingen GER"]
[Date "2009.05.31"]
[Round "2"]
[White "Stein, Simone"]
[Black "Müller, Anna-Louise"]
[Result "0-1"]
[Termination "normal"]
[Board "13"]
[WhiteElo "1351"]
[BlackElo "1581"]
[PlyCount "70"]
[WhiteFideId "24692875"]
[BlackFideId "4633512"]
[EventCountry "GER"]
[EventRounds "9"]
[EventType "swiss"]
[EventDate "2009.05.30"]

1. e4 c5 2. Nf3 d6 3. d4 cxd4 4. Nxd4 Nf6 5. Nc3 g6 6. Be3 Bg7 7. f3 O-O 8. Qd2
Nc6 9. O-O-O d5 10. Nxc6 bxc6 11. Bh6 Be6 12. Bxg7 Kxg7 13. exd5 cxd5 14. g4
Rb8 15. b3 Qa5 16. Na4 Qc7 17. h4 Rfc8 18. Bd3 Bd7 19. Nb2 Qc5 20. Kb1 a5 21.
a4 d4 22. Bc4 Bxa4 23. Qxd4 Qa3 24. g5 Bc6 25. gxf6+ exf6 26. h5 Qe7 27. Rdf1
a4 28. hxg6 hxg6 29. Rh3 Bd7 30. Rg3 axb3 31. Bxb3 Bf5 32. Rf2 Rxb3 33. Qd5
Qe1+ 34. Ka2 Qxf2 35. Qxf5 Rxb2+ 0-1

[Event "DEM U18w 2009"]
[Site "Willingen GER"]
[Date "2009.06.01"]
[Round "3"]
[White "Jussupow, Ekaterina"]
[Black "Hannes, Diana"]
[Result "1/2-1/2"]
[Termination "normal"]
[Board "1"]
[WhiteElo "2186"]
[BlackElo "2061"]
[PlyCount "109"]
[WhiteFideId "24625400"]
[BlackFideId "24611344"]
[EventCountry "GER"]
[EventRounds "9"]
[EventType "swiss"]
[EventDate "2009.05.30"]

1. d4 Nf6 2. Nc3 d5 3. Bg5 h6 4. Bh4 Bf5 5. e3 e6 6. Bd3 Bxd3 7. Qxd3 Nbd7 8.
Nf3 Be7 9. O-O O-O 10. e4 dxe4 11. Nxe4 Nxe4 12. Bxe7 Qxe7 13. Qxe4 Qb4 14. b3
c5 15. Rad1 Nf6 16. Qe5 Rac8 17. c4 cxd4 18. Rxd4 a5 19. Rfd1 a4 20. Qd6 Qxd6
21. Rxd6 axb3 22. axb3 b5 23. cxb5 Ne4 24. Rb6 Nc3 25. Ra1 Rb8 26. Rxb8 Rxb8
27. Nd4 Nxb5 28. Nxb5 Rxb5 29. Rb1 Kf8 30. Kf1 Ke7 31. Ke2 Kd6 32. Kd3 Kc6 33.
b4 Rd5+ 34. Kc3 Re5 35. Rb2 Kb5 36. Kd4 Rd5+ 37. Kc3 Rd7 38. h3 Rc7+ 39. Kd4 f6
40. Re2 e5+ 41. Ke4 Kxb4 42. Rd2 Kc3 43. Rd8 Rc4+ 44. Ke3 Rc7 45. f4 exf4+ 46.
Kxf4 Rc5 47. Rd7 Rg5 48. g3 h5 49. Rd8 Kc4 50. Rd7 Kc5 51. h4 Rg4+ 52. Kf3 Kc6
53. Rd8 Kc7 54. Rd5 g6 55. Rd1 1/2-1/2

[Event "DEM U18w 2009"]
[Site "Willingen GER"]
[Date "2009.06.01"]
[Round "3"]
[White "Mertens, Pauline"]
[Black "Zimmer, Ketsarin"]
[Result "1/2-1/2"]
[Termination "normal"]
[Board "2"]
[WhiteElo "1922"]
[BlackElo "1710"]
[PlyCount "94"]
[WhiteFideId "24671959"]
[BlackFideId "4696182"]
[EventCountry "GER"]
[EventRounds "9"]
[EventType "swiss"]
[EventDate "2009.05.30"]

1. e4 c5 2. Nf3 d6 3. d4 cxd4 4. Nxd4 Nf6 5. Nc3 a6 6. Be3 Ng4 7. Bg5 h6 8. Bh4
g5 9. Bg3 Bg7 10. Be2 h5 11. h4 gxh4 12. Bxh4 Nc6 13. Nb3 Be6 14. Qd2 Qc7 15.
Nd5 Bxd5 16. exd5 Nce5 17. c3 Nc4 18. Bxc4 Qxc4 19. Qe2 Ne5 20. Qxc4 Nxc4 21.
O-O-O Kd7 22. Rde1 Ne5 23. Kb1 Ng6 24. Bg5 Be5 25. g3 b6 26. Be3 Rab8 27. Nd4
Bxd4 28. Bxd4 Rh7 29. Re4 b5 30. f4 Rg8 31. Rhe1 f6 32. Rh1 f5 33. Ree1 h4 34.
gxh4 Nxf4 35. Ref1 Nxd5 36. Rxf5 e6 37. Rff1 Rg4 38. Bf2 Nf6 39. Be1 Ne4 40.
Rhg1 Rgxh4 41. Bxh4 Nd2+ 42. Kc1 Nxf1 43. Bf2 Nh2 44. Rh1 Rh6 45. Be3 Rh4 46.
Bf2 Rh6 47. Be3 Rh4 1/2-1/2

[Event "DEM U18w 2009"]
[Site "Willingen GER"]
[Date "2009.06.01"]
[Round "3"]
[White "Herbold, Nora Marina"]
[Black "Frey, Alisa"]
[Result "0-1"]
[Termination "normal"]
[Board "3"]
[WhiteElo "1608"]
[BlackElo "1984"]
[PlyCount "64"]
[WhiteFideId "4624548"]
[BlackFideId "24634662"]
[EventCountry "GER"]
[EventRounds "9"]
[EventType "swiss"]
[EventDate "2009.05.30"]

1. d4 Nf6 2. Nc3 d5 3. Bg5 Nbd7 4. Qd3 g6 5. e4 dxe4 6. Nxe4 Bg7 7. O-O-O Nxe4
8. Qxe4 Nf6 9. Qd3 Bf5 10. Qb3 O-O 11. Bxf6 Bxf6 12. Nf3 c5 13. dxc5 Qa5 14.
Bd3 Be6 15. Bc4 Bxc4 16. Qxc4 Rac8 17. a3 Rxc5 18. Qa2 Rfc8 19. Rd2 Qa4 20. b3
Qc6 21. Kb1 a5 22. Rhd1 Kg7 23. Re2 a4 24. b4 Rc3 25. h3 Qc4 26. Qxc4 R8xc4 27.
Rd3 Rxd3 28. cxd3 Rc3 29. Ka2 Rxd3 30. Rc2 Rd1 31. Rb2 Bxb2 32. Kxb2 Rf1 0-1

[Event "DEM U18w 2009"]
[Site "Willingen GER"]
[Date "2009.06.01"]
[Round "3"]
[White "Penne, Bo"]
[Black "van Orsouw, Svenja"]
[Result "1/2-1/2"]
[Termination "normal"]
[Board "4"]
[WhiteElo "1951"]
[BlackElo "1697"]
[PlyCount "111"]
[WhiteFideId "24642193"]
[BlackFideId "24677124"]
[EventCountry "GER"]
[EventRounds "9"]
[EventType "swiss"]
[EventDate "2009.05.30"]

1. e4 e5 2. Nf3 Nc6 3. Nc3 Nf6 4. d4 exd4 5. Nxd4 Bb4 6. Nxc6 bxc6 7. Bd3 O-O
8. O-O d5 9. exd5 cxd5 10. Bg5 c6 11. Qf3 Be7 12. Rfe1 Rb8 13. Na4 Re8 14. h3
h6 15. Bf4 Rb4 16. b3 Bd6 17. Rxe8+ Nxe8 18. Bxd6 Qxd6 19. Qe3 Qe6 20. Qd2 Qd6
21. Re1 Be6 22. Qe3 d4 23. Qe5 Qxe5 24. Rxe5 Nd6 25. Ra5 Rb7 26. Nc5 Rc7 27.
Ra4 Nb5 28. Rb4 Kf8 29. Na6 Rc8 30. a4 Nd6 31. Rxd4 Ke7 32. Nc5 g6 33. Kf1 h5
34. Rb4 Rc7 35. Rb8 Kf6 36. a5 Bc8 37. Ba6 Bxa6+ 38. Nxa6 Rb7 39. Rxb7 Nxb7 40.
Nb8 Nd8 41. Ke2 Ke6 42. Kd3 Kd6 43. Na6 Nb7 44. b4 Kd5 45. c4+ Ke5 46. Nb8 Kd6
47. Kd4 c5+ 48. Kc3 cxb4+ 49. Kxb4 Kc7 50. Na6+ Kc6 51. Ka4 Nd6 52. Kb3 Nb7 53.
Kb4 g5 54. Nb8+ Kc7 55. Na6+ Kc6 56. Nb8+ 1/2-1/2

[Event "DEM U18w 2009"]
[Site "Willingen GER"]
[Date "2009.06.01"]
[Round "3"]
[White "Breitwieser, Jasmin"]
[Black "Remy, Janina"]
[Result "1-0"]
[Termination "normal"]
[Board "5"]
[WhiteElo "1874"]
[BlackElo "1991"]
[PlyCount "105"]
[WhiteFideId "24601705"]
[BlackFideId "24627348"]
[EventCountry "GER"]
[EventRounds "9"]
[EventType "swiss"]
[EventDate "2009.05.30"]

1. e4 c6 2. d4 d5 3. e5 c5 4. dxc5 Nc6 5. Nf3 Bg4 6. Bb5 e6 7. b4 Qc7 8. Bb2
Nge7 9. Nbd2 O-O-O 10. a3 Ng6 11. Bxc6 Qxc6 12. h3 Bxf3 13. Nxf3 Be7 14. O-O f6
15. Qe2 fxe5 16. Bxe5 Nxe5 17. Nxe5 Qe8 18. c6 Rd6 19. cxb7+ Kxb7 20. c4 Bf6
21. Rad1 d4 22. Qe4+ Kc7 23. Rxd4 Rxd4 24. Qxd4 Qa4 25. Qc5+ Kb7 26. Nf7 Rg8
27. b5 Qa5 28. Qd6 Qb6 29. Qd7+ Kb8 30. Re1 Bh4 31. Qd6+ Qxd6 32. Nxd6 Kc7 33.
Rxe6 Kd7 34. Re4 Bxf2+ 35. Kxf2 Kxd6 36. Ke3 Rc8 37. Kd4 Rc7 38. Re8 Rd7 39.
Re5 Kc7+ 40. Kc5 Kb7 41. a4 Rc7+ 42. Kb4 a6 43. Re6 axb5 44. axb5 Ka7 45. c5
Kb7 46. b6 Rf7 47. Kb5 Rf5 48. Re7+ Kc8 49. Rxg7 h5 50. b7+ Kb8 51. Kb6 Rf6+
52. c6 Rf8 53. c7# 1-0

[Event "DEM U18w 2009"]
[Site "Willingen GER"]
[Date "2009.06.01"]
[Round "3"]
[White "Karmann, Anna"]
[Black "Adermann, Mara"]
[Result "1-0"]
[Termination "normal"]
[Board "6"]
[WhiteElo "1903"]
[BlackElo "1704"]
[PlyCount "111"]
[WhiteFideId "24648000"]
[EventCountry "GER"]
[EventRounds "9"]
[EventType "swiss"]
[EventDate "2009.05.30"]

1. c4 Nf6 2. Nf3 g6 3. b3 Bg7 4. Bb2 O-O 5. g3 c6 6. Bg2 d5 7. O-O e6 8. d3
Nbd7 9. Nbd2 Re8 10. Rc1 b6 11. cxd5 cxd5 12. Nd4 Bb7 13. Nb5 Nc5 14. Be5 Re7
15. b4 Na6 16. Qa4 Ne8 17. Bxg7 Kxg7 18. Nd4 Rc7 19. N2b3 Nd6 20. b5 Rxc1 21.
Rxc1 Nc7 22. Nc6 Qd7 23. Qd4+ Kg8 24. Ne5 Qe7 25. a4 Nf5 26. Qb2 Ne8 27. Nd4
Nxd4 28. Qxd4 Qd6 29. Ng4 Qf8 30. e4 h5 31. Ne5 Qd6 32. Nc6 dxe4 33. Qxd6 Nxd6
34. Bxe4 Nxe4 35. dxe4 Kf8 36. Ne5 Rc8 37. Rxc8+ Bxc8 38. Nc6 a6 39. e5 Ke8 40.
f4 a5 41. Nd4 Bb7 42. Ne2 Ke7 43. Kf2 Bd5 44. Ke3 Kd7 45. Kd2 Ke7 46. Kc3 Kd7
47. Nd4 Kc7 48. Nc2 Kd7 49. Ne3 Ba2 50. Kb2 Bd5 51. Nxd5 exd5 52. Kc3 Ke6 53.
Kd4 h4 54. gxh4 Kf5 55. Kxd5 Kxf4 56. Kd6 1-0

[Event "DEM U18w 2009"]
[Site "Willingen GER"]
[Date "2009.06.01"]
[Round "3"]
[White "Hingst, Silke"]
[Black "Kickert, Germaine Helene"]
[Result "1-0"]
[Termination "normal"]
[Board "7"]
[WhiteElo "1833"]
[BlackElo "1933"]
[PlyCount "81"]
[WhiteFideId "4624564"]
[BlackFideId "24614890"]
[EventCountry "GER"]
[EventRounds "9"]
[EventType "swiss"]
[EventDate "2009.05.30"]

1. e4 e5 2. Nc3 Nf6 3. f4 d5 4. fxe5 Nxe4 5. d3 Nxc3 6. bxc3 d4 7. Nf3 Nc6 8.
Bb2 Bc5 9. cxd4 Nxd4 10. c3 Nxf3+ 11. Qxf3 Qe7 12. d4 Bb6 13. a4 c6 14. Ba3
Qh4+ 15. g3 Qg4 16. Qxg4 Bxg4 17. Bc4 Ba5 18. Rc1 Bf3 19. Bxf7+ Kxf7 20. Rf1
Ke6 21. Rxf3 Rhd8 22. Ke2 Rd7 23. g4 Rad8 24. g5 Bxc3 25. Rfxc3 Rxd4 26. Bd6
Rxa4 27. Rh3 Rg4 28. Rh5 Rd7 29. Kf3 Ra4 30. Kg3 a5 31. Rh4 Ra2 32. Rf4 Rf7 33.
Rxf7 Kxf7 34. Rb1 b5 35. Rc1 b4 36. Rxc6 b3 37. Bc5 b2 38. e6+ Kg6 39. e7+ Kxg5
40. Be3+ Kf5 41. Rb6 1-0

[Event "DEM U18w 2009"]
[Site "Willingen GER"]
[Date "2009.06.01"]
[Round "3"]
[White "Lorenz, Nicole"]
[Black "Häcker, Katrin"]
[Result "1-0"]
[Termination "normal"]
[Board "8"]
[WhiteElo "1842"]
[BlackElo "1604"]
[PlyCount "73"]
[WhiteFideId "24623709"]
[BlackFideId "24667986"]
[EventCountry "GER"]
[EventRounds "9"]
[EventType "swiss"]
[EventDate "2009.05.30"]

1. e4 e5 2. Bc4 Nf6 3. d3 c6 4. Nf3 d5 5. Bb3 Bd6 6. O-O dxe4 7. Ng5 O-O 8.
Nxe4 Nxe4 9. dxe4 Na6 10. c3 Nc5 11. Bc2 Be6 12. Qe2 Qe7 13. Nd2 b5 14. Re1
Rfd8 15. Nf1 a5 16. Ne3 Qc7 17. Nf5 Bf8 18. Bg5 f6 19. Be3 Nb7 20. Qg4 Kh8 21.
Qh4 Nd6 22. Nxd6 Bxd6 23. f3 Qe7 24. f4 exf4 25. e5 f5 26. Qxf4 Bc5 27. Kh1
Bxe3 28. Qxe3 Rd5 29. Bb3 Rd7 30. Bc2 Rad8 31. Re2 a4 32. h3 g6 33. Rae1 Bxa2
34. e6 Rd6 35. Qe5+ Qg7 36. e7 Qxe5 37. exd8=Q+ 1-0

[Event "DEM U18w 2009"]
[Site "Willingen GER"]
[Date "2009.06.01"]
[Round "3"]
[White "Müller, Anna-Louise"]
[Black "Kohm, Vanessa"]
[Result "0-1"]
[Termination "normal"]
[Board "9"]
[WhiteElo "1581"]
[BlackElo "1779"]
[PlyCount "98"]
[WhiteFideId "4633512"]
[BlackFideId "4674472"]
[EventCountry "GER"]
[EventRounds "9"]
[EventType "swiss"]
[EventDate "2009.05.30"]

1. e4 c5 2. Nf3 Nc6 3. d4 cxd4 4. Nxd4 g6 5. Nc3 Bg7 6. Be3 d6 7. Bc4 Nf6 8. f3
O-O 9. Qd2 Re8 10. O-O-O Na5 11. Be2 a6 12. Bh6 Bh8 13. h4 Qc7 14. h5 b5 15.
hxg6 fxg6 16. g4 Nc4 17. Bxc4+ Qxc4 18. Qd3 Qxd3 19. Rxd3 Nd7 20. Nd5 Ne5 21.
Rdd1 Ra7 22. Nb4 a5 23. Nd3 Nxd3+ 24. Rxd3 b4 25. g5 Ba6 26. Rd2 Bc4 27. b3 Bf7
28. f4 Bxd4 29. Rxd4 e5 30. fxe5 dxe5 31. Rd6 a4 32. Kb2 axb3 33. cxb3 Rea8 34.
Ra1 Ra3 35. Rb6 Bxb3 36. Rxb4 Bxa2 37. Rb5 Re3 38. Rxe5 Re2+ 39. Kc1 Re1+ 40.
Kb2 Rb8+ 41. Kxa2 Ra8+ 42. Kb3 Rexa1 43. Re7 R1a7 44. Rxa7 Rxa7 45. Kc4 Rd7 46.
Kc5 Kf7 47. Kc6 Rd4 48. e5 Ke6 49. Bg7 Rd5 0-1

[Event "DEM U18w 2009"]
[Site "Willingen GER"]
[Date "2009.06.01"]
[Round "3"]
[White "Sancar, Alina"]
[Black "Strößner, Lena"]
[Result "1/2-1/2"]
[Termination "normal"]
[Board "10"]
[WhiteElo "1759"]
[BlackElo "1989"]
[PlyCount "56"]
[WhiteFideId "4624750"]
[BlackFideId "4623525"]
[EventCountry "GER"]
[EventRounds "9"]
[EventType "swiss"]
[EventDate "2009.05.30"]

1. d4 d5 2. c4 e6 3. Nf3 Nf6 4. g3 c6 5. Nbd2 Nbd7 6. Bg2 Be7 7. O-O O-O 8. Qc2
b6 9. e4 dxe4 10. Nxe4 Bb7 11. Rd1 Qc8 12. Nxf6+ Nxf6 13. c5 Rd8 14. Bg5 h6 15.
Be3 Nd5 16. Qb3 Rb8 17. Ne5 Qc7 18. Bxd5 Rxd5 19. cxb6 Qxb6 20. Qxb6 axb6 21.
Rac1 c5 22. dxc5 bxc5 23. Rxd5 Bxd5 24. b3 Ra8 25. Rc2 Be4 26. Rc4 Bd5 27. Rc2
Be4 28. Rc4 Bd5 1/2-1/2

[Event "DEM U18w 2009"]
[Site "Willingen GER"]
[Date "2009.06.01"]
[Round "3"]
[White "Voss, Chantal"]
[Black "Voss, Janine"]
[Result "1/2-1/2"]
[Termination "normal"]
[Board "11"]
[WhiteElo "1878"]
[BlackElo "1838"]
[PlyCount "60"]
[WhiteFideId "4664906"]
[BlackFideId "24677329"]
[EventCountry "GER"]
[EventRounds "9"]
[EventType "swiss"]
[EventDate "2009.05.30"]

1. d4 Nf6 2. c4 g6 3. Nc3 d5 4. cxd5 Nxd5 5. e4 Nxc3 6. bxc3 Bg7 7. Bc4 c5 8.
Ne2 Nc6 9. Be3 cxd4 10. cxd4 Qa5+ 11. Bd2 Qd8 12. Be3 Qa5+ 13. Bd2 Qd8 14. Bc3
O-O 15. O-O Bg4 16. f3 Bd7 17. Rb1 Qc7 18. Rc1 Ne5 19. Bb3 Nc4 20. Bxc4 Qxc4
21. Qd2 Rac8 22. Bb4 Bh6 23. Qxh6 Qxb4 24. Rb1 Qa4 25. Qe3 Rc7 26. Rbc1 Rfc8
27. Rxc7 Rxc7 28. Nc3 Qa3 29. Nd5 Qxe3+ 30. Nxe3 Kf8 1/2-1/2

[Event "DEM U18w 2009"]
[Site "Willingen GER"]
[Date "2009.06.01"]
[Round "3"]
[White "Silz, Elisa"]
[Black "Wisheckel, Lena"]
[Result "1-0"]
[Termination "normal"]
[Board "12"]
[WhiteElo "1946"]
[BlackElo "1672"]
[PlyCount "99"]
[WhiteFideId "4615352"]
[BlackFideId "24691992"]
[EventCountry "GER"]
[EventRounds "9"]
[EventType "swiss"]
[EventDate "2009.05.30"]

1. d4 Nf6 2. c4 e5 3. dxe5 Ne4 4. Nf3 Bb4+ 5. Bd2 Qe7 6. e3 Nc6 7. a3 Bxd2+ 8.
Nbxd2 Nxd2 9. Qxd2 Nxe5 10. Nxe5 Qxe5 11. Qd4 d6 12. Qxe5+ dxe5 13. Be2 f5 14.
c5 Be6 15. Rc1 c6 16. b4 O-O-O 17. Rd1 Rxd1+ 18. Kxd1 Rd8+ 19. Kc2 Kc7 20. Rd1
Rxd1 21. Bxd1 b6 22. cxb6+ Kxb6 23. Kc3 c5 24. Bb3 cxb4+ 25. axb4 Bd7 26. Bd5
g5 27. g3 h6 28. f4 e4 29. Bc4 Kc6 30. Kd4 Kd6 31. Bf7 Bc8 32. h4 gxh4 33. gxh4
Kc6 34. Ke5 Kb5 35. Be6 Bxe6 36. Kxe6 Kxb4 37. Kxf5 a5 38. Kxe4 a4 39. f5 a3
40. f6 a2 41. f7 a1=Q 42. f8=Q+ Kc4 43. Qf7+ Kb4 44. Qb7+ Kc5 45. Qd5+ Kb6 46.
Qd4+ Qxd4+ 47. Kxd4 Kc6 48. Ke5 Kd7 49. Kf6 Ke8 50. Kg7 1-0